| 000 | 00722cam a2200217 4500 | ||
|---|---|---|---|
| 001 | WB3540-16 | ||
| 008 | 000000n1999 000 0 eng u | ||
| 035 | _a(Sirsi) u100446 | ||
| 245 | _aUrban decay | ||
| 260 | _c1999 | ||
| 490 |
_aFinancial Times _v13 October 1999, 7(1) |
||
| 520 | _aA government report has highlighted the problem that almost 1m homes in England are blighted by low demand, leading to falling prices and dereliction. Problems are most acute in the north-west, north-east, Yorkshire and Humberside. | ||
| 590 | _aWB | ||
| 650 | _aURBAN DECAY | ||
| 650 | _aBLIGHT | ||
| 650 | _aHOUSE PRICES | ||
| 650 | _aSOCIAL HOUSING | ||
| 650 | _aPOVERTY | ||
| 690 | _aECONOMIC AND SOCIAL | ||
| 942 | _n0 | ||
| 999 |
_c60096 _d60096 |
||